Slums and urbanisation: An overview (Record no. 92294)

000 -LEADER
fixed length control field 00912pab a2200193 454500
008 - FIXED-LENGTH DATA ELEMENTS--GENERAL INFORMATION
fixed length control field 180718b2011 xxu||||| |||| 00| 0 eng d
100 ## - MAIN ENTRY--PERSONAL NAME
Personal name Acharyulu, A.S.
245 ## - TITLE STATEMENT
Title Slums and urbanisation: An overview
260 ## - PUBLICATION, DISTRIBUTION, ETC.
Date of publication, distribution, etc. 2011
300 ## - PHYSICAL DESCRIPTION
Extent p.40-54.
362 ## - DATES OF PUBLICATION AND/OR SEQUENTIAL DESIGNATION
Dates of publication and/or sequential designation Jan-Mar
520 ## - SUMMARY, ETC.
Summary, etc. Urbanization has been one of the most significant vehicles for the transformation of the societies over the last century. All the countries to a greater or lesser extent have gone through this process. But, the extensive urbanization process led to increasing number of slums which is a major concern in urban development. This article aims to analyse the factors responsible for increasing urban slums and tries to give suggestion for better improvement of urban slums. - Reproduced.
650 ## - SUBJECT ADDED ENTRY--TOPICAL TERM
Topical term or geographic name entry element Urbanization
650 ## - SUBJECT ADDED ENTRY--TOPICAL TERM
Topical term or geographic name entry element Slums
700 ## - ADDED ENTRY--PERSONAL NAME
Personal name Inampudi, Sandeep
773 ## - HOST ITEM ENTRY
Main entry heading Nagarlok
908 ## - PUT COMMAND PARAMETER (RLIN)
Put command parameter N
909 ## -
-- 92294
Holdings
Withdrawn status Lost status Damaged status Not for loan Permanent Location Current Location Date acquired Serial Enumeration / chronology Barcode Date last seen Price effective from Koha item type
        Indian Institute of Public Administration Indian Institute of Public Administration 2018-07-19 Volume no: 43, Issue no: 1 AR92754 2018-07-19 2018-07-19 Articles

Powered by Koha